000 00323nam a22001217a 4500
040 _cSK
082 _a155
100 _aវន មុនិន្ទ
245 _aEco-tourism management; ការគ្រប់គ្រងអេកូទេសចរណ៏
260 _aRUA
_bវន
_c2008
300 _a37p.
942 _cKB
999 _c10156
_d10156